| 000 | 00766nam a2200229 a 4500 | ||
|---|---|---|---|
| 999 |
_c7317 _d7317 |
||
| 001 | 7317 | ||
| 003 | BD-JhCC | ||
| 005 | 20180207194305.0 | ||
| 008 | 180207s2013 bg a|||| ||a| 00| 0 ben d | ||
| 020 | _a9789849025320 | ||
| 035 | _a(BD-JhCC)7317 | ||
| 040 |
_aBD-JhCC _dBD-JhCC |
||
| 041 | _aben | ||
| 082 |
_a954.9205 _bMOS 2013 |
||
| 100 | _aমোশাররফ,খালেদ | ||
| 245 |
_aমুক্তিযুদ্ধে ২ নম্বর সেক্টর এবং কে ফোর্স / _bখালেদ মোশাররফ , |
||
| 260 |
_aঢাকা : _bপ্রথমা প্রকাশন , _c2013 . |
||
| 300 |
_a255 p . : _bill ; _c22 cm. |
||
| 650 |
_aBangladesh _xHistory _zRevolution 1971 |
||
| 942 |
_2lcc _cBK |
||